Earnings inequalities gender, race and sexual orientation /

Bibliographic Details
Corporate Author: ProQuest (Firm)
Other Authors: Meulders, Daniele., Plasman, Robert., Rycx, Francois.
Format: Electronic eBook
Language:English
Published: Bradford, England : Emerald Group Publishing, c2004.
Series:International journal of manpower ; v. 25, no. 3/4.
Subjects:
Online Access:Click to View
LEADER 01385nam a2200361Ia 4500
001 EBC289816
003 MiAaPQ
005 20200520144314.0
006 m o d |
007 cr cn|||||||||
008 011019s2004 enk s 000 0 eng d
020 |z 1845440323 
035 |a (MiAaPQ)EBC289816 
035 |a (Au-PeEL)EBL289816 
035 |a (CaPaEBR)ebr10067117 
035 |a (CaONFJC)MIL51456 
035 |a (OCoLC)70720710 
040 |a MiAaPQ  |c MiAaPQ  |d MiAaPQ 
050 4 |a HF5549  |b .E376 2004 
245 0 0 |a Earnings inequalities  |h [electronic resource] :  |b gender, race and sexual orientation /  |c Guest editors, Daniele Meulders, Robert Plasman and Francois Rycx. 
260 |a Bradford, England :  |b Emerald Group Publishing,  |c c2004. 
300 |a 140 p. 
490 1 |a International Journal of Manpower. No. 3/4 ;  |v Vol. 25 
533 |a Electronic reproduction. Ann Arbor, MI : ProQuest, 2015. Available via World Wide Web. Access may be limited to ProQuest affiliated libraries. 
650 0 |a Personnel management. 
650 0 |a Social sciences. 
655 4 |a Electronic books. 
700 1 |a Meulders, Daniele. 
700 1 |a Plasman, Robert. 
700 1 |a Rycx, Francois. 
710 2 |a ProQuest (Firm) 
830 0 |a International journal of manpower ;  |v v. 25, no. 3/4. 
856 4 0 |u https://ebookcentral.proquest.com/lib/matrademy/detail.action?docID=289816  |z Click to View